000 00335cam a2200145ua 4500
041 _aeng
_h
082 _a828.09
_bREC/TE
100 _aReceves, James .
245 _aTeaching poetry /
_cJames Receves.
_hTextual Documents
260 _aLondon :
_bHeinemann.
300 _a108 ; .
504 _a
942 _cBK
999 _c6519
_d6519